000 00447nam a2200157Ia 4500
008 090123s9999 xx 000 0 und d
082 _b32206
_a923.254/सह
245 _aअमृतवाणी
250 _a5
260 _bरामकृष्ण मठ
300 _a294
630 _aअमृतवाणी
700 _aसहस्त्रबुध्दे प्र.ग.
730 _aअमृतवाणी
942 _cBOOK
999 _c70266
_d70266